<?xml version="1.0" encoding="UTF-8"?>
<record
    xmlns:xsi="http://www.w3.org/2001/XMLSchema-instance"
    xsi:schemaLocation="http://www.loc.gov/MARC21/slim http://www.loc.gov/standards/marcxml/schema/MARC21slim.xsd"
    xmlns="http://www.loc.gov/MARC21/slim">

  <leader>00442nam a22001577a 4500</leader>
  <controlfield tag="005">20180308113451.0</controlfield>
  <controlfield tag="008">150223b        xxu||||| |||| 00| 0 eng d</controlfield>
  <datafield tag="020" ind1=" " ind2=" ">
    <subfield code="a">9694022401</subfield>
  </datafield>
  <datafield tag="040" ind1=" " ind2=" ">
    <subfield code="c">PK-LaUMT</subfield>
  </datafield>
  <datafield tag="082" ind1=" " ind2=" ">
    <subfield code="a">306.44095491</subfield>
    <subfield code="b">SAB-P</subfield>
  </datafield>
  <datafield tag="100" ind1=" " ind2=" ">
    <subfield code="a">Sabiha Mansoor</subfield>
  </datafield>
  <datafield tag="245" ind1=" " ind2=" ">
    <subfield code="a">Punjabi, Urdu, English in Pakistan :</subfield>
    <subfield code="b">a sociolinguistic study /</subfield>
    <subfield code="c">Sabiha Mansoor</subfield>
  </datafield>
  <datafield tag="260" ind1=" " ind2=" ">
    <subfield code="a">Lahore :</subfield>
    <subfield code="b">Vanguard Books,</subfield>
    <subfield code="c">1993</subfield>
  </datafield>
  <datafield tag="300" ind1=" " ind2=" ">
    <subfield code="a">240 p.</subfield>
  </datafield>
  <datafield tag="942" ind1=" " ind2=" ">
    <subfield code="c">BK</subfield>
  </datafield>
  <datafield tag="999" ind1=" " ind2=" ">
    <subfield code="c">66459</subfield>
    <subfield code="d">66459</subfield>
  </datafield>
  <datafield tag="952" ind1=" " ind2=" ">
    <subfield code="0">0</subfield>
    <subfield code="1">0</subfield>
    <subfield code="4">0</subfield>
    <subfield code="7">0</subfield>
    <subfield code="a">01</subfield>
    <subfield code="b">01</subfield>
    <subfield code="d">2014-05-20</subfield>
    <subfield code="l">10</subfield>
    <subfield code="m">4</subfield>
    <subfield code="o"> 427.99142 SAB-P</subfield>
    <subfield code="p">78770</subfield>
    <subfield code="r">2023-02-21 00:00:00</subfield>
    <subfield code="s">2023-02-15</subfield>
    <subfield code="t">C. 2</subfield>
    <subfield code="w">2014-05-21</subfield>
    <subfield code="y">BK</subfield>
  </datafield>
  <datafield tag="952" ind1=" " ind2=" ">
    <subfield code="0">0</subfield>
    <subfield code="1">0</subfield>
    <subfield code="4">0</subfield>
    <subfield code="7">0</subfield>
    <subfield code="a">01</subfield>
    <subfield code="b">01</subfield>
    <subfield code="d">2015-02-23</subfield>
    <subfield code="l">5</subfield>
    <subfield code="o">KHC 306.44095491 SAB-P</subfield>
    <subfield code="p">70318</subfield>
    <subfield code="r">2019-12-04 00:00:00</subfield>
    <subfield code="s">2019-11-30</subfield>
    <subfield code="w">2015-02-23</subfield>
    <subfield code="y">BK</subfield>
  </datafield>
</record>
